01129nam a2200193Ia 4500001001100000003001000011008004100021040002500062041001300087100002000100245004200120250001100162260008200173300001200255500026400267501011400531520026400645650002600909L871-37857IT-CnALBA170116s9999||||xx |||||||||||||| ||und|| aIT-CnALBAcIT-CnALBA aITALIANO aSENECA L. ANNEO 0aLETTERE A LUCILIO E TRATTATI MORALI.  a1a ed. aNAPOLIbMORANO ALBERTO EDITOREc1942 [1° Ed.:1942 - Ed.Ling.Originale: 1942] a119 p.  aSCELTE INTRODUZIONE E TRADUZIONE E COMMENTO DI BONGIOANNI M.F. OPERE DELL'AUTORE. INIZIO A TEMPO. UN AMICO. L'EQUILIBRIO. GODIMENTO MORTE. LIBERTÀ PERSONALE. I COMPAGNI DI SCHIAVITÙ. DIO. STORIA DEL GENERE UMANO E FILOSOFIA. EDUCAZIONE DEL CARATTERE. DONI aSocietà San Paolo EM - Piazza San Paolo, 14 - 12051 ALBA (CN) (non commercial uses only) ® Copyright 2017 aSCELTE INTRODUZIONE E TRADUZIONE E COMMENTO DI BONGIOANNI M.F. OPERE DELL'AUTORE. INIZIO A TEMPO. UN AMICO. L'EQUILIBRIO. GODIMENTO MORTE. LIBERTÀ PERSONALE. I COMPAGNI DI SCHIAVITÙ. DIO. STORIA DEL GENERE UMANO E FILOSOFIA. EDUCAZIONE DEL CARATTERE. DONI aPROSE E POESIA LATINA